000 01111cam a2200133 4500500
005 20251214002643.0
041 _afre
042 _adc
100 1 0 _aPrince, Nathalie
_eauthor
245 0 0 _aLa littérature fantastique
260 _bArmand Colin,
_c2015.
520 _aHoffmann, Poe, Maupassant, Lovecraft, Stephen King… Les vampires, les zombies, les fantômes, les mortes amoureuses… La littérature fantastique est variée et ses sujets d’effroi multiples. Pour bien la comprendre, il faut rappeler son évolution, relire ses textes marquants, considérer les motifs et les thèmes qui la composent, réfléchir au surnaturel qui la gagne, saisir la menace qu’elle suscite et analyser les émotions qu’elle produit : peur, effroi, angoisse, dégoût... C’est pourquoi cet ouvrage propose successivement une approche théorique, une présentation historique et un exposé critique des grands thèmes fantastiques (les espaces, le double, les amours, les objets, etc.).
856 4 1 _uhttps://shs.cairn.info/la-litterature-fantastique--9782200602468?lang=fr&redirect-ssocas=7080
999 _c1567302
_d1567302